| 000 | 00697nam a22001817a 4500 | ||
|---|---|---|---|
| 005 | 20251108164813.0 | ||
| 008 | 250721s9999 xx 000 0 ara d | ||
| 082 | 1 | 4 | _a811.95661/عبد |
| 100 | 1 | _aالظاهري، أبو عبد الرحمن إبن عقيل | |
| 245 | 1 | 0 |
_aالشعر في البلاد السعودية في الغابر و الحاضر : _bحسين سرحان - إبن خميس - القصيبي - الدامغ / |
| 264 | 1 |
_aالرياض : _bمؤسسة دار الأصالة و المعاصرة للنشر، _c[19-]. |
|
| 300 | _a200ص | ||
| 650 | 1 | 7 | _aالشعر العربي |
| 650 | 1 | 7 | _aالسعودية |
| 650 | 1 | 7 | _aالشعراء |
| 942 |
_2ddc _cBK |
||
| 999 |
_c14781 _d14781 |
||